Sports Quiz

Random Sports or Baseball Quiz

Two No-Hitters in Less Than a Year Quiz Stats

Quiz not verified by Sporcle

Challenge
Share
Tweet
Embed
Score 0/14 Timer 06:00
0 Plays Today
First No-Hitter Player % Correct
6/30/1962 (LAD)Sandy Koufax
97%
5/15/1973 (CAL)Nolan Ryan
95%
9/28/1974 (CAL)Nolan Ryan
95%
6/11/1990 (TEX)Nolan Ryan
95%
5/29/2010* (PHI)Roy Halladay
94.1%
7/13/2013 (SF)Tim Lincecum
94.1%
8/30/2015 (CHC)Jake Arrieta
93.8%
First No-Hitter Player % Correct
6/20/2015 (WSH)Max Scherzer
90.2%
9/1/2014^ (PHI)Cole Hamels
81.2%
6/11/1938 (CIN)Johnny Vander Meer
60.1%
9/28/2012 (CIN)Homer Bailey
59.1%
9/16/1960 (MIL)Warren Spahn
55.1%
7/12/1951 (NYY)Allie Reynolds
29.7%
5/15/1952 (DET)Virgil Trucks
22.4%

You're not logged in!

Compare scores with friends on all Sporcle quizzes.
Sign Up with Email
OR
Log In

You Might Also Like...

Show Comments

Extras

Top Quizzes Today


Score Distribution

Your Account Isn't Verified!

In order to create a playlist on Sporcle, you need to verify the email address you used during registration. Go to your Sporcle Settings to finish the process.